| 000 | 00989nam a22002417a 4500 | ||
|---|---|---|---|
| 999 |
_c11895 _d11895 |
||
| 003 | AR-CdUCM | ||
| 008 | 190405b ||||| |||| 00| 0 spa d | ||
| 040 |
_aMUNICIPALIDAD PROVINCIAL DEL CUSCO _cBIBLIOTECA MUNICIPAL DEL CUSCO |
||
| 041 | _hger | ||
| 082 |
_a330 / _bB97 / 1894 |
||
| 100 |
_aBuylla, Adolfo A. _929495 |
||
| 245 |
_aEconomía : _bPor Neumann, Klenwaechter, Nasse, Wagner, Mithof, y Lexis |
||
| 260 |
_aMadrid : _bLa España moderna, _c1894. |
||
| 300 |
_a676 paginas ; _c22 cm. |
||
| 440 |
_aBiblioteca de jurisprudencia, filosofía e historia _928377 |
||
| 505 | _aContenido : Acepción vulgar de la palabra economía -- La relación económica de medio a fin -- Los conceptos fundamentales de la economía social -- Objeto de la economía social -- La producción económico social en general... | ||
| 650 |
_aCapital _95056 |
||
| 650 |
_aPrecios _95669 |
||
| 650 |
_aEmpresa _9826 |
||
| 650 |
_aMoneda _95487 |
||
| 942 |
_2ddc _cLIBROS |
||
| 945 |
_awnts _d2019-04-05 |
||